Responses for Show #2714 - Thursday, May 23, 1996

Missing third-place prize.

Contestants

[<< previous game]

Diana Valenzuela, a training coordinator from San Francisco, California

Doris Smith, a freelance proofreader from Oakland, California

Peter Hartikka, a proofreader originally from Washington, D.C. (whose 1-day cash winnings total $17,201)

[next game >>]

Jeopardy! Round responses

BRITISH HISTORY
POTPOURRI
FAMILIAR PHRASES
AQUATIC ANIMALS
TELEVISION HISTORY
COUNTIES
    $100 4
Winston Churchill

Peter
    $100 7
corporation

Peter
    $100 6
the doghouse

Doris
    $100 19
reefs

Peter
    $100 10
60 Minutes

Peter
    $100 1
New York

Peter
    $200 5
"Bloody Mary"

Doris
    $200 8
Brazil

Doris
    $200 9
numbered

Doris
    $200 20
turtle

Diana
    $200 11
The Mary Tyler Moore Show

Diana
    $200 2
Texas

Peter
    $300 15
Princess Margaret

Doris
    $300 16
doctor of veterinary medicine

Peter
    $300 26
ducks

Peter
    $300 21
trout

Doris
    $300 12
Profiles in Courage

Diana
    $300 3
North Carolina

Doris
    $400 23
Florence Nightingale

Diana
    $400 22
nutmeg

Doris
    $400 27
forearmed

Doris
    $400 29
(Peter: What are spines?)
(Diana: What are shells?)

tentacles

PeterDiana
Triple Stumper
    $400 13
"Buffalo Bob" Smith

Diana
    $400 17
Vermont

Diana
    $500 24
Queen Victoria

Peter
    $500 25
(Peter: What are obituaries?)

crossword puzzles

PeterDoris
    $500 28
sacked

Peter
    $500 30
baleen whales

Peter
    $500 14
Edward R. Murrow

Diana
    $500 18
(Diana: What is New Jersey?)

Indiana

Diana

Scores at the first commercial break (after clue 14):

Peter Doris Diana
$600 $1,000 $1,400

Scores at the end of the Jeopardy! Round:

Peter Doris Diana
$1,900 $2,900 $1,500

Double Jeopardy! Round responses

PERU
POTENT POTABLES
20th CENTURY NAMES
NOTORIOUS
COLLEGES & UNIVERSITIES
CHILDREN'S LIT
    $200 3
the Andes

Peter
    $200 2
scotch

Peter
    $200 8
Mahatma Gandhi

Doris
    $200 1
John Wilkes Booth

Doris
    $200 14
Nebraska

Peter
    $200 26
Tinker Bell

Peter
    $400 4
the Incas

Peter
    $400 9
champagne

Doris
    $400 11
Boris Yeltsin

Peter
    $400 18
(Peter: Who is Clyde Arrow?)

Clyde Barrow

Peter
Triple Stumper
    $400 15
Notre Dame

Doris
    $400 29
cricket

Doris
    $600 5
International Monetary Fund

Peter
    $600 10
Cyprus

Peter
    $600 12
Evelyn Wood

Peter
    $600 23
Rasputin

Peter
    $600 20
Thomas Edison

Peter
    $600 30
Encyclopedia

Doris
    $800 6
Lake Titicaca

Diana
    $800 16
gin

Peter
    $800 13
Buckminster Fuller

Peter
    $800 24
Jonestown

Peter
    $800 21
(Doris: What is Dubuque?)

Ames

PeterDoris
    $1,000 27
Lewis Carroll

Peter
    $1,000 7
(Diana: No idea.)

the Humboldt Current

Diana
    $1000 17
(Doris: What is an eau de vie?)
(Alex: We'll accept that.)

brandy

Doris
    $1000 19
Jan Paderewski

Peter
    $1000 25
Virginia Hill

Diana
    $1000 22
Oberlin College

Peter
    $1000 28
Goosebumps

Triple Stumper

Scores at the end of the Double Jeopardy! Round:

Peter Doris Diana
$12,300 $5,300 $2,300
(lock game)

[wagering suggestions for these scores]

Final Jeopardy! Round responses

INVENTIONS
DianaWhat is Velcro? (Hi Jerry!!)
$2,100
DorisWhat is Velcro?
$300
PeterWhat is Velcro?
$1,699
velcro

Final scores:

Peter Doris Diana
$13,999 $5,600 $4,400
2-day champion: $31,200 2nd place: Desktop computer system 3rd place: unknown

Game dynamics:

Coryat scores:

Peter Doris Diana
$12,100 $5,300 $3,800
29 R
(including 1 DD),
3 W
17 R,
1 W
9 R,
3 W
(including 2 DDs)

Combined Coryat: $21,200

[game clues] [game scores] [suggest correction]

Game tape date: Unknown
The J! Archive is created by fans, for fans. Scraping, republication, monetization, and malicious use prohibited; this site may use cookies and collect identifying information. See terms. The Jeopardy! game show and all elements thereof, including but not limited to copyright and trademark thereto, are the property of Jeopardy Productions, Inc. and are protected under law. This website is not affiliated with, sponsored by, or operated by Jeopardy Productions, Inc. Join the discussion at JBoard.tv.